00811pab a2200133 454500008004000000100002200040245007700062260000900139300001300148362001000161520043600171650003600607773003400643180718b2017 xxu||||| |||| 00| 0 eng d aShenoy, Bhamy V.  aPolitical security or energy security?: ONGC's purchase of GSPC reserves c2017 ap.16-18. a4 Feb aThe Oil and Natural Gas Corporation's decision to buy 80% of Gujarat State Petroleum Corporation's interests in the Krishna Godavari basin for $1.2 billion could be a calculated gamble. While the deal has been criticised as a rescue operation to save GSPC from bankruptcy, this article attempts to take a more dispassionate look at it both from the angles of commercial interest and promoting Indiaメs energy security. - Reproduce aOil and Natural Gas Corporation aEconomic and Political Weekly